Making land work (Record no. 83206)

MARC details
000 -LEADER
fixed length control field 01281cad a22001935a 4500
001 - CONTROL NUMBER
control field L153139
008 - FIXED-LENGTH DATA ELEMENTS--GENERAL INFORMATION
fixed length control field 110613e2011 xxk 000 0 eng d
035 ## - SYSTEM CONTROL NUMBER
System control number (Sirsi) u153139
041 0# - LANGUAGE CODE
Language code of text/sound track or separate title eng
110 2# - MAIN ENTRY--CORPORATE NAME
Corporate name or jurisdiction name as entry element The Law Commission
9 (RLIN) 3306
245 00 - TITLE STATEMENT
Title Making land work
Remainder of title easements, covenants and profits a prendre (Law Com no. 327)
Medium [electronic resource]
260 ## - PUBLICATION, DISTRIBUTION, ETC.
Place of publication, distribution, etc. London
Name of publisher, distributor, etc. Stationery Office
Date of publication, distribution, etc. 2011
520 ## - SUMMARY, ETC.
Summary, etc. Makes recommendations to simplify, modernise and enhance the law of easements, covenants and profits a prendre. These rights are essential to the effective use of land but parts of the current law are ancient, contradictory and unfit for modern society. The report recommends certain reforms including making it possible for the benefit and burden of positive obligations to be enforced by and against subsequent owners and the creation of easements that allow a substantial use of land by the benefitting owner such as rights to park a car.
590 ## - LOCAL NOTE (RLIN)
Local note KA NTK
651 #4 - SUBJECT ADDED ENTRY--GEOGRAPHIC NAME
Geographic name England and Wales
Chronological subdivision 1543-
690 ## - LOCAL SUBJECT ADDED ENTRY--TOPICAL TERM (OCLC, RLIN)
Topical term or geographic name as entry element PROPERTY-PROPERTY ACQUISITION AND DISPOSAL-REGISTRATION OF TITLE TO PROPERTY-LAND REGISTRATION
856 40 - ELECTRONIC LOCATION AND ACCESS
Uniform Resource Identifier <a href="https://www.justice.gov.uk/lawcommission/docs/lc327_easements_report.pdf">https://www.justice.gov.uk/lawcommission/docs/lc327_easements_report.pdf</a>
Public note View the report free of charge at www.justice.gov.uk
942 ## - ADDED ENTRY ELEMENTS (KOHA)
Suppress in OPAC 0
Holdings
Withdrawn status Lost status Source of classification or shelving scheme Damaged status Not for loan Home library Current library Shelving location Date acquired Total Checkouts Full call number Barcode Date last seen Copy number Price effective from Koha item type
    Dewey Decimal Classification     Virtual Virtual Online 13/06/2011   ONLINE PUBLICATION 153139-2001 06/08/2019 1 06/08/2019 Book